[Event "Oceania zt (Women)"]
[Site "Auckland"]
[Date "2005.02.01"]
[Round "5"]
[White "Szuveges, Narelle"]
[Black "Sorokina, Anastasia"]
[Result "1/2-1/2"]
[WhiteElo "1901"]
[BlackElo "2223"]
[PlyCount "135"]
[EventDate "2005.05.31"]
[EventType "swiss"]
[EventRounds "9"]
[EventCountry "NZL"]
[SourceTitle "EXT 2007"]
[Source "ChessBase"]
[SourceDate "2006.11.23"]
[SourceVersion "1"]
[SourceVersionDate "2006.11.23"]
[SourceQuality "1"]

1. d4 Nf6 2. c4 e6 3. Nc3 Bb4 4. Qc2 c5 5. dxc5 Bxc5 6. Nf3 h6 7. e3 Nc6 8. Be2 0-0 9. 0-0 Re8 10. a3 a5 11. b3 d6 12. h3 e5 13. Bd3 Qe7 14. Ne4 Nxe4 15. Bxe4 Be6 16. Bb2 Rf8 17. Bf5 Bxf5 18. Qxf5 Qc7 19. Kh1 Ne7 20. Qd3 f5 21. Nd2 Rae8 22. Qc3 Nc6 23. Rad1 Qf7 24. Rde1 Qg6 25. Kh2 e4 26. f4 Bb6 27. Rg1 h5 28. g3 Bd8 29. b4 Bf6 30. Qb3 Bxb2 31. Qxb2 axb4 32. axb4 Ra8 33. Ra1 Qf7 34. Qc3 b6 35. Nb3 Rfc8 36. Rxa8 Rxa8 37. b5 Nb8 38. Ra1 Rxa1 39. Nxa1 Nd7 40. Nb3 Nc5 41. Kg2 Qa7 42. Nxc5 Qa2+ 43. Kg1 dxc5 44. g4 hxg4 45. hxg4 Qe2 46. gxf5 Qg4+ 47. Kf2 Qh4+ 48. Kg2 Qg4+ 49. Kf2 Qf3+ 50. Kg1 Kh7 51. Qd2 Qg4+ 52. Qg2 Qxf5 53. Qh2+ Kg8 54. Qh4 Qd7 55. Qh5 Qe6 56. Kf2 g6 57. Qg5 Kf7 58. Qh6 Qxc4 59. Qh7+ Ke8 60. Qxg6+ Kd7 61. Qc6+ Ke7 62. Qc7+ Kf8 63. Qxb6 Qd5 64. Qb8+ Kf7 65. Qc7+ Kf8 66. Qc8+ Kf7 67. Qc7+ Kf8 68. Qc8+ 1/2-1/2

[Event "Oceania zt (Women)"]
[Site "Auckland"]
[Date "2005.01.31"]
[Round "3"]
[White "Berezina, Irina"]
[Black "Sorokina, Anastasia"]
[Result "1/2-1/2"]
[WhiteElo "2275"]
[BlackElo "2223"]
[PlyCount "23"]
[EventDate "2005.05.31"]
[EventType "swiss"]
[EventRounds "9"]
[EventCountry "NZL"]
[SourceTitle "EXT 2007"]
[Source "ChessBase"]
[SourceDate "2006.11.23"]
[SourceVersion "1"]
[SourceVersionDate "2006.11.23"]
[SourceQuality "1"]

1. d4 d5 2. c4 dxc4 3. Nf3 Nf6 4. e3 e6 5. Bxc4 a6 6. a4 c5 7. 0-0 Nc6 8. dxc5 Qxd1 9. Rxd1 Bxc5 10. Nbd2 Bd7 11. Nb3 Ba7 12. Bd2 1/2-1/2

[Event "Athens Acropolis op (Women)"]
[Site "Athens"]
[Date "2004.11.20"]
[Round "5"]
[White "Sorokina, Anastasia"]
[Black "Burtasova, Anna"]
[Result "1-0"]
[WhiteElo "2199"]
[BlackElo "2273"]
[PlyCount "35"]
[EventDate "2004.11.16"]
[EventType "swiss"]
[EventRounds "9"]
[EventCountry "GRE"]
[SourceTitle "CBM 103 Extra"]
[Source "ChessBase"]
[SourceDate "2005.01.01"]
[SourceVersion "1"]
[SourceVersionDate "2005.01.01"]
[SourceQuality "1"]

1. e4 c5 2. Nf3 e6 3. d4 cxd4 4. Nxd4 a6 5. Nc3 b5 6. Be2 Bb7 7. Bf3 Qc7 8. 0-0 d6 9. Re1 Nf6 10. Bg5 Be7 11. Bxf6 gxf6 12. Bh5 0-0 13. Re3 Nd7 14. Rh3 Kh8 15. Nxe6 fxe6 16. Bg6 Qc5 17. Rxh7+ Kg8 18. Qg4 1-0

[Event "Athens Acropolis op (Women)"]
[Site "Athens"]
[Date "2004.11.18"]
[Round "3"]
[White "Smokina, Karolina"]
[Black "Sorokina, Anastasia"]
[Result "1/2-1/2"]
[WhiteElo "2267"]
[BlackElo "2199"]
[PlyCount "25"]
[EventDate "2004.11.16"]
[EventType "swiss"]
[EventRounds "9"]
[EventCountry "GRE"]
[SourceTitle "CBM 103 Extra"]
[Source "ChessBase"]
[SourceDate "2005.01.01"]
[SourceVersion "1"]
[SourceVersionDate "2005.01.01"]
[SourceQuality "1"]

1. d4 d5 2. Nf3 Nf6 3. c4 dxc4 4. Qa4+ c6 5. Qxc4 Bf5 6. e3 e6 7. Bd3 Bxd3 8. Qxd3 Be7 9. 0-0 0-0 10. b3 h6 11. Ba3 Bxa3 12. Nxa3 Qe7 13. Nc4 1/2-1/2

[Event "Olympiad Women-36"]
[Site "Mallorca"]
[Date "2004.10.28"]
[Round "13.2"]
[White "Stanford, Sheila Barth"]
[Black "Sorokina, Anastasia"]
[Result "1-0"]
[WhiteElo "2118"]
[BlackElo "2199"]
[PlyCount "95"]
[EventDate "2004.10.15"]
[EventType "team-swiss"]
[EventRounds "14"]
[EventCountry "ESP"]
[SourceTitle "CBM 102 Extra"]
[Source "ChessBase"]
[SourceDate "2004.11.03"]
[SourceVersion "1"]
[SourceVersionDate "2004.11.03"]
[SourceQuality "1"]
[WhiteTeam "Norway (W)"]
[BlackTeam "Australia (W)"]
[WhiteTeamCountry "NOR"]
[BlackTeamCountry "AUS"]

1. e4 c5 2. Nf3 e6 3. c3 d5 4. exd5 Qxd5 5. d4 Nf6 6. Bd3 cxd4 7. cxd4 Be7 8. 0-0 Nc6 9. Nc3 Qd6 10. a3 0-0 11. Bc2 b6 12. Qd3 Bb7 13. Bg5 g6 14. Rfe1 Nd5 15. Ne4 Qd8 16. Bh6 Re8 17. Rad1 Qc7 18. Bb3 Rad8 19. Nfg5 Nf4 20. Qe3 Nd5 21. Qf3 Qf4 22. Qh3 Qf5 23. g4 Nf4 24. Qf3 Ne2+ 25. Rxe2 Qxf3 26. Nxf3 Na5 27. Ba4 f5 28. Ned2 fxg4 29. Ne5 Ba6 30. Bxe8 Bxe2 31. Bf7+ Kh8 32. Re1 Bf3 33. Ndxf3 gxf3 34. Bxe6 Rxd4 35. Rc1 Bc5 36. b4 Nc6 37. Nxc6 Rd6 38. bxc5 bxc5 39. Nd8 Rxd8 40. Bg5 Rf8 41. Rxc5 h6 42. Rc8 Rxc8 43. Bf6+ Kh7 44. Bxc8 a5 45. Bg4 a4 46. Bxf3 h5 47. Bc6 h4 48. Bxh4 1-0